书目信息 |
| 书名: | Principles of macroeconomics | |
| 作者: | N. Gregory Mankiw. | |
| 分册号: | ||
| 分册名: | 出版地: | Ft. Worth, TX : |
|
| 出版社: | Dryden Press | |
| 出版时间: | 1998. | |
| 页数: | 512 p. ; | |
| 开本: | 26cm. | |
| 丛书名: | ||
| 中图分类号: | ||
| 科图分类号: | ||
| 其他分类号: | F015 | |
| 主题词: | ||
| 电子资源: | ||
| 000 | 00733nam a22002415a 450 | |
| 001 | E0739425535 | |
| 005 | 20070707170415.26 | |
| 008 | 970513s1998 000 0 eng | |
| 010 | @a97067303 | |
| 020 | @a003024501X (pbk.). | |
| 035 | @A(DLC) 97067303 | |
| 040 | @aDLC@cDLC | |
| 050 | 00 | @a9801 BOOK NOT YET IN LC |
| 090 | @aF015 | |
| 099 | @dF015@ex64 | |
| 100 | 1 | @aMankiw, N. Gregory. |
| 245 | 10 | @aPrinciples of macroeconomics / @cN. Gregory Mankiw. |
| 260 | @aFt. Worth, TX :@bDryden Press,@c1998. | |
| 300 | @a512 p. ;@c26cm. | |
| 906 | @a0@bibc@corignew@d2@eopcn@f19@gy-gencatlg | |
| 922 | @aad | |
| 955 | @apb04 05-13-97 | |
| 963 | @aAmy Schmidt (817-334-7500) Harcourt Brace College Div, 301 Commerce St, Ste 3700, 76102 | |
| Principles of macroeconomics / / N. Gregory Mankiw.-Ft. Worth, TX : : Dryden Press, , 1998. |
| 512 p. ; ; 26cm. |
| ISBN 003024501X (pbk.). |
| ● |
| 相关链接 |
|
|
|
|
正题名:Principles of macroeconomics
索取号:F015/x64
 
预约/预借
| 序号 | 登录号 | 条形码 | 馆藏地/架位号 | 状态 | 备注 |
| 1 | 0011114 | 300111144 | 第四借阅区/ [索取号:F015/x64] | 在馆 | |
| 2 | 0011115 | 300111153 | 第四借阅区/ [索取号:F015/x64] | 在馆 | |
| 3 | 0011116 | 300111162 | 第四借阅区/ [索取号:F015/x64] | 在馆 | |
| 4 | 0011117 | 300111171 | 第四借阅区/ [索取号:F015/x64] | 在馆 | |
| 5 | 0013201 | 300132014 | 第四借阅区/ [索取号:F015/x64] | 在馆 | |
| 6 | 12486 | 300124862 | 第二样本阅览室/ [索取号:F015/x64] | 在馆 | |
| 7 | 12487 | 300124871 | 第四借阅区/ [索取号:F015/x64] | 在馆 |